[Event "died "]
[Site "SchemingMind.com"]
[Date "2024.06.11"]
[Round "-"]
[White "dpickin"]
[Black "MazetaFighter"]
[Result "0-1"]
[WhiteCountry "ENG"]
[BlackCountry "GRE"]
[WhiteElo "1654"]
[WhiteRD "66"]
[BlackElo "2101"]
[BlackRD "78"]
[GameID "745227"]

1. d4 d5 2. c4 e6 3. Nf3 Nf6 4. e3 a6 5. Be2 dxc4 6. Bxc4 c5 7. Nc3 b5 8. Be2 Bb7 9. O-O Nbd7 10. a3 Rc8
11. Qc2 Bd6 12. b3 cxd4 13. exd4 O-O 14. b4 Qc7 15. Bd3 Qxc3 16. Qxc3 Rxc3 17. Bb1 Rfc8 18. Ba2 Bd5 19. Bxd5 Nxd5 20. Bb2 R3c6
21. Rfe1 N7b6 22. Rec1 Rxc1+ 23. Bxc1 Nc3 24. Kh1 Ne2 25. Be3 Nc4 26. h4 Nxe3 27. fxe3 Rc1+ 28. Rxc1 Nxc1 29. Kg1 Na2 30. Nd2 Nc3
31. Kf2 Kf8
0-1

[Event "died "]
[Site "SchemingMind.com"]
[Date "2024.06.11"]
[Round "-"]
[White "MazetaFighter"]
[Black "JAHI"]
[Result "0-1"]
[WhiteCountry "GRE"]
[BlackCountry "INT"]
[WhiteElo "2103"]
[WhiteRD "77"]
[BlackElo "2163"]
[BlackRD "75"]
[GameID "745228"]

1. e4 d6 2. d4 g6 3. Nc3 Bg7 4. Be3 Kf8 5. Nf3 Bg4 6. Be2 Nd7 7. O-O Ngf6 8. h3 Bxf3 9. Bxf3 h6 10. Qd2 c6
11. Rad1 Ne8 12. Be2 Nc7 13. f4 e6 14. f5 exf5 15. exf5 g5 16. g4 Kg8 17. Ne4 Nd5 18. Nxd6 Qc7 19. Ne4 Re8 20. Bf3 Rxe4
21. Bxe4 Qg3+
0-1

[Event "died "]
[Site "SchemingMind.com"]
[Date "2024.06.06"]
[Round "-"]
[White "JAHI"]
[Black "MazetaFighter"]
[Result "1-0"]
[WhiteCountry "INT"]
[BlackCountry "GRE"]
[WhiteElo "2190"]
[WhiteRD "77"]
[BlackElo "2097"]
[BlackRD "79"]
[GameID "745229"]

1. c3 d5 2. g3 Nc6 3. Bh3 Bxh3 4. Nxh3 e5 5. Kf1 Be7 6. Kg2 f5 7. d3 Nf6 8. Bg5 h6 9. Bxf6 Bxf6 10. e3 O-O
11. d4 g5 12. Nd2 g4 13. Ng1 h5 14. h3 Qe8 15. Qb3 Rd8 16. Rf1 b6 17. Ne2 Bg5 18. Qb5 exd4 19. cxd4 Rd6 20. hxg4 fxg4
21. Nc4 Qe4+ 22. Kg1 Rdf6 23. Rxh5 Bxe3 24. Nxe3 Qxe3 25. Qxd5+ R8f7 26. fxe3 Rxf1+ 27. Kg2 Rf2+ 28. Kh1
1-0

[Event "died "]
[Site "SchemingMind.com"]
[Date "2024.06.11"]
[Round "-"]
[White "MazetaFighter"]
[Black "eliecercruzr"]
[Result "0-1"]
[WhiteCountry "GRE"]
[BlackCountry "CUB"]
[WhiteElo "2097"]
[WhiteRD "79"]
[BlackElo "2414"]
[BlackRD "59"]
[GameID "745230"]

1. e4 c5 2. Nf3 d6 3. d4 cxd4 4. Nxd4 Nf6 5. Nc3 a6 6. Bc4 e6 7. Bb3 b5 8. O-O Be7 9. Qf3 Qb6 10. Be3 Qb7
11. Qg3 O-O 12. Bh6 Ne8 13. Rad1 Nc6 14. Nxc6 Qxc6 15. Rfe1 Bb7 16. a3 Bf6 17. Rd3= a5 18. Bg5 b4 19. Ba4 Qc5 20. Be3 Qh5
21. axb4 axb4 22. Bxe8 bxc3
0-1

[Event "died "]
[Site "SchemingMind.com"]
[Date "2024.06.07"]
[Round "-"]
[White "eliecercruzr"]
[Black "MazetaFighter"]
[Result "1-0"]
[WhiteCountry "CUB"]
[BlackCountry "GRE"]
[WhiteElo "2438"]
[WhiteRD "58"]
[BlackElo "2101"]
[BlackRD "78"]
[GameID "745231"]

1. e4 e5 2. Nf3 Nc6 3. Nc3 Nf6 4. Bb5 Bb4 5. O-O O-O 6. d3 d6 7. Ne2 Ne7 8. c3 Ba5 9. Ng3 c6 10. Ba4 Ng6
11. Bb3 h6 12. d4 Re8 13. Qd3 Nf4 14. Qc2 Bc7 15. Rd1 Qe7 16. Re1 Bg4 17. Nh4 Be6 18. Ngf5 Qd7 19. Bxe6 Qxe6 20. Bxf4 exf4
21. Qd2 Kf8 22. Qxf4 g5= 23. Qe3 Nxe4 24. Qh3 gxh4 25. Qg4 Qg6 26. Rxe4 Rxe4 27. Qxe4 Re8 28. Qf3 Bd8 29. c4 Re6 30. g4 Qg5=
31. h3 h5 32. Kh1 hxg4 33. hxg4 Qd2 34. b3 Be7 35. Kg2
1-0

[Event "died "]
[Site "SchemingMind.com"]
[Date "2024.06.11"]
[Round "-"]
[White "MazetaFighter"]
[Black "Chesswitchery"]
[Result "1-0"]
[WhiteCountry "GRE"]
[BlackCountry "USA"]
[WhiteElo "2103"]
[WhiteRD "77"]
[BlackElo "1643"]
[BlackRD "59"]
[GameID "745232"]

1. e4 d5 2. exd5 Nf6 3. Nf3 Nxd5 4. d4 g6 5. Bc4 Bg7 6. O-O O-O 7. c3 Nc6 8. Re1 e6 9. Bg5 f6 10. Bd2 a6
11. Na3 b5 12. Bb3 Bd7 13. c4 Nde7 14. cxb5 axb5 15. Bxe6+ Bxe6 16. Rxe6 Nxd4 17. Nxd4 Qxd4 18. Rxe7 Qc5 19. Qe2 f5 20. Rc1 Qxc1+
21. Bxc1
1-0

[Event "died "]
[Site "SchemingMind.com"]
[Date "2024.06.06"]
[Round "-"]
[White "Chesswitchery"]
[Black "MazetaFighter"]
[Result "0-1"]
[WhiteCountry "USA"]
[BlackCountry "GRE"]
[WhiteElo "1618"]
[WhiteRD "64"]
[BlackElo "2108"]
[BlackRD "79"]
[GameID "745233"]

1. d4 d5 2. c4 e6 3. e3 Nc6 4. Bd2 Nf6 5. cxd5 exd5 6. Bb5 Bd6 7. Bxc6+ bxc6 8. Nf3 O-O 9. Nc3 Re8 10. O-O Ne4
11. Rc1 Nxd2 12. Qxd2 Qf6 13. h3 Bd7 14. Rfe1 Bxh3 15. gxh3 Qxf3 16. Qe2 Qxh3 17. f4 Re6 18. Qh2 Rg6+ 19. Kh1 Qf3+ 20. Qg2 Qxg2#
0-1

[Event "died "]
[Site "SchemingMind.com"]
[Date "2024.06.11"]
[Round "-"]
[White "Phillip Beckett"]
[Black "dpickin"]
[Result "0-1"]
[WhiteCountry "ENG"]
[BlackCountry "ENG"]
[WhiteElo "1472"]
[WhiteRD "55"]
[BlackElo "1627"]
[BlackRD "66"]
[GameID "745234"]

1. e4 e5 2. Nf3 d6 3. d4 Nf6 4. dxe5 Nxe4 5. exd6 Bxd6 6. Bd3 Nf6 7. O-O O-O 8. Bg5 Nc6 9. Nc3 h6 10. Bh4 Be7
11. Ne4 Nxe4 12. Bxe7 Qxe7 13. Re1 Bf5 14. Nd2 Nxf2 15. Kxf2 Qc5+ 16. Kf1 Bxd3+ 17. cxd3 Rfe8 18. Nf3 Rxe1+ 19. Qxe1 Nb4 20. Rc1 Qb5
21. Qe4 Nxd3 22. Qe2 Re8 23. Qxe8+ Qxe8 24. Rxc7 Qe3 25. Rc8+ Kh7
0-1

[Event "died "]
[Site "SchemingMind.com"]
[Date "2024.06.08"]
[Round "-"]
[White "dpickin"]
[Black "Phillip Beckett"]
[Result "1-0"]
[WhiteCountry "ENG"]
[BlackCountry "ENG"]
[WhiteElo "1662"]
[WhiteRD "64"]
[BlackElo "1529"]
[BlackRD "51"]
[GameID "745235"]

1. d4 d5 2. c4 e6 3. Nc3 Nf6 4. Bg5 Be7 5. Nf3 h6 6. Bf4 O-O 7. c5 c6 8. Qa4 Nbd7 9. e3 Nh5 10. Be5 Nxe5
11. Nxe5 Nf6 12. Be2 Qc7 13. O-O Nd7 14. b4 Nxe5 15. dxe5 Qxe5 16. Qc2 a5 17. b5 cxb5 18. Nxb5 Bd7 19. a4 Rfc8 20. Rfd1 Bxc5
21. Qd3 Bxb5 22. Qxb5 Bb4 23. Qxb7 Rab8 24. Qa6 Ra8 25. Qd3 Rc3 26. Qb1 Rac8 27. h3 Rc2 28. Bb5 Qf6 29. Rf1 Re2 30. Bxe2
1-0

[Event "died "]
[Site "SchemingMind.com"]
[Date "2024.06.06"]
[Round "-"]
[White "Phillip Beckett"]
[Black "JAHI"]
[Result "0-1"]
[WhiteCountry "ENG"]
[BlackCountry "INT"]
[WhiteElo "1529"]
[WhiteRD "51"]
[BlackElo "2163"]
[BlackRD "75"]
[GameID "745236"]

1. e4 d6 2. d4 g6 3. Nc3 Bg7 4. Nf3 Bg4 5. Be2 Kf8 6. h3 Bxf3 7. Bxf3 Nd7 8. O-O e6 9. Be3 h6 10. Qd2 Ngf6
11. d5 e5 12. Ne2 Kg8 13. c4 Qf8 14. a3 h5 15. g4 hxg4 16. hxg4 Qe7 17. Kg2 Nb6 18. Rh1 Rxh1 19. Rxh1 Nxc4 20. Qc3 Nxe3+
21. Qxe3 Qd7 22. g5 Nh7 23. Ng3 Qd8 24. Be2 c6 25. dxc6 bxc6 26. f4 exf4 27. Qxf4 Nxg5 28. Qh4 Bxb2 29. a4 Rb8 30. Bc4 Be5
31. Qh6 d5 32. exd5 Rb2+ 33. Kg1 Qb6+ 34. Kf1 Qf2#
0-1

[Event "died "]
[Site "SchemingMind.com"]
[Date "2024.06.06"]
[Round "-"]
[White "JAHI"]
[Black "Phillip Beckett"]
[Result "1-0"]
[WhiteCountry "INT"]
[BlackCountry "ENG"]
[WhiteElo "2163"]
[WhiteRD "75"]
[BlackElo "1529"]
[BlackRD "51"]
[GameID "745237"]

1. c3 d5 2. g3 e5 3. Bh3 Bxh3 4. Nxh3 Qd7 5. Ng5 f6 6. Nf3 Nc6 7. h3 O-O-O 8. h4 Kb8 9. d3 d4 10. Kf1 dxc3
11. Nxc3 Nd4 12. Nxd4 Qxd4 13. Be3 Qd7 14. Qa4 Qxa4 15. Nxa4 Ne7 16. h5 Nc6 17. Rc1 Nb4 18. a3 Nd5 19. g4 Nxe3+ 20. fxe3 Bd6
21. Kg2 g6 22. hxg6 hxg6 23. Rcf1 b5 24. Nc3 b4 25. Rxh8 Rxh8 26. axb4 Bxb4 27. Nd5 Bd2 28. Rxf6 g5 29. Re6 Bc1 30. b3 Rd8
31. Rxe5 c6 32. Nb4 Kc7 33. d4 Bd2 34. Nd3 a5 35. Nc5 Bxe3 36. Ne6+
1-0

[Event "died "]
[Site "SchemingMind.com"]
[Date "2024.06.06"]
[Round "-"]
[White "Phillip Beckett"]
[Black "eliecercruzr"]
[Result "0-1"]
[WhiteCountry "ENG"]
[BlackCountry "CUB"]
[WhiteElo "1472"]
[WhiteRD "55"]
[BlackElo "2437"]
[BlackRD "63"]
[GameID "745238"]

1. e4 c5 2. Nf3 d6 3. d4 cxd4 4. Nxd4 Nf6 5. Nc3 a6 6. Bg5 e6 7. f4 Qb6 8. Qd2 Qxb2 9. Nb3 Qa3 10. Bd3 Be7
11. O-O h6 12. Bh4 Nxe4 13. Nxe4 Bxh4 14. g3 Be7 15. Rad1 d5 16. Nc3 Nd7 17. Nb1 Qd6 18. f5 O-O 19. fxe6 fxe6 20. Rxf8+ Bxf8
21. Nc3 Ne5 22. Ne2 Nf3+
0-1

[Event "died "]
[Site "SchemingMind.com"]
[Date "2024.06.07"]
[Round "-"]
[White "eliecercruzr"]
[Black "Phillip Beckett"]
[Result "1-0"]
[WhiteCountry "CUB"]
[BlackCountry "ENG"]
[WhiteElo "2429"]
[WhiteRD "66"]
[BlackElo "1529"]
[BlackRD "51"]
[GameID "745239"]

1. e4 e5 2. Nf3 Nc6 3. Bc4 Nf6 4. d3 Be7 5. O-O d6 6. a3 O-O 7. h3 h6 8. Re1 Nh7 9. Nc3 Ng5 10. Nd5 Nxf3+
11. Qxf3 Nd4 12. Qd1 c6 13. Nxe7+ Qxe7 14. c3 Ne6 15. d4 exd4 16. cxd4 b6 17. d5 cxd5 18. exd5 Qf6 19. dxe6 Bxe6 20. Bf1 Qg6
21. b4 Bxh3 22. Re3 Bg4 23. Qd4 Rad8 24. Rg3 Qe6 25. Rxg4 Qe5 26. Qxe5 dxe5 27. Bxh6 Kh7 28. Bxg7 Rg8 29. Bf6 Rxg4 30. Bxd8
1-0

[Event "died "]
[Site "SchemingMind.com"]
[Date "2024.06.06"]
[Round "-"]
[White "Phillip Beckett"]
[Black "Chesswitchery"]
[Result "0-1"]
[WhiteCountry "ENG"]
[BlackCountry "USA"]
[WhiteElo "1472"]
[WhiteRD "55"]
[BlackElo "1618"]
[BlackRD "64"]
[GameID "745240"]

1. e4 d5 2. exd5 Nf6 3. c4 e6 4. dxe6 Bxe6 5. d4 Bb4+ 6. Bd2 Bxd2+ 7. Qxd2 O-O 8. Nc3 Re8 9. d5 Bxd5+ 10. Be2 Bxg2
11. Qxd8 Rxd8 12. Bf3 Re8+ 13. Kd2 Bxh1 14. Bxh1 Nc6 15. Nf3 Rad8+ 16. Kc2 Nd4+ 17. Nxd4 Rxd4 18. b3 c6 19. Bf3 Red8 20. Ne2 Rd2+
21. Kc3 R8d3+ 22. Kb4 Rxf3 23. Nc3 Rfxf2 24. Re1 h6
0-1

[Event "died "]
[Site "SchemingMind.com"]
[Date "2024.06.06"]
[Round "-"]
[White "Chesswitchery"]
[Black "Phillip Beckett"]
[Result "1-0"]
[WhiteCountry "USA"]
[BlackCountry "ENG"]
[WhiteElo "1618"]
[WhiteRD "64"]
[BlackElo "1472"]
[BlackRD "55"]
[GameID "745241"]

1. d4 d5 2. c4 e6 3. e3 Nf6 4. Bd2 Be7 5. cxd5 Nxd5 6. Nf3 O-O 7. Bd3 Nd7 8. O-O c5 9. a3 cxd4 10. e4 N5f6
11. Nxd4 Ne5 12. Bc3 Nxd3 13. Qxd3 Bc5 14. Rd1 e5 15. Nf3 Qb6 16. h3 Be6 17. Rf1 Rad8 18. Qe2 a6 19. Bxe5 Nd7 20. Bc3 Qc7
21. Nbd2 b5 22. Rac1 Nb6 23. Bb4 Nd7 24. Bxc5 Nxc5 25. b4 Bc4 26. Nxc4 Nd3 27. Qxd3 Rxd3 28. Nce5 Rc3 29. Ra1 f6 30. Ng4 Rc8
31. Ne3 Qc6 32. Nd5 Rc2 33. Ne7+ Kf7 34. Nxc6 R8xc6 35. Nd4
1-0

[Event "died "]
[Site "SchemingMind.com"]
[Date "2024.06.11"]
[Round "-"]
[White "dpickin"]
[Black "JAHI"]
[Result "*"]
[WhiteCountry "ENG"]
[BlackCountry "INT"]
[WhiteElo "1590"]
[WhiteRD "64"]
[BlackElo "2199"]
[BlackRD "87"]
[GameID "745242"]

1. d4 d6 2. c4 g6 3. Bg5 h6 4. Bf4 Bg7 5. Nf3 Kf8 6. e3 Bg4 7. Be2 Nd7 8. h3 Bxf3 9. Bxf3 c6 10. O-O Ngf6
11. Nc3 a6 12. e4 Ne8 13. Qd3 c5 14. d5 b6 15. Be3 Ne5 16. Qe2 Rb8 17. Bf4 Nc7 18. a4 Bf6 19. Bxe5 Bxe5 20. Rab1 b5
21. cxb5 axb5 22. axb5 Qe8 23. Qc2 Nxb5 24. Nxb5 Qxb5 25. b3 Kg7 26. Be2 Qb4 27. Bc4 Ra8 28. f4 Bd4+ 29. Kh1 Ra7 30. Qe2 Rha8
31. f5 Ra2 32. Qf3 g5 33. h4 Rd2
*

[Event "died "]
[Site "SchemingMind.com"]
[Date "2024.06.11"]
[Round "-"]
[White "JAHI"]
[Black "dpickin"]
[Result "1-0"]
[WhiteCountry "INT"]
[BlackCountry "ENG"]
[WhiteElo "2194"]
[WhiteRD "82"]
[BlackElo "1654"]
[BlackRD "66"]
[GameID "745243"]

1. c3 Nf6 2. c4 e6 3. Nc3 Bb4 4. a3 Bxc3 5. dxc3 O-O 6. Bg5 h6 7. Bxf6 Qxf6 8. Rc1 d5 9. cxd5 Rd8 10. Qd4 Qg5
11. Qd2 Qxd2+ 12. Kxd2 Rxd5+ 13. Ke1 Nd7 14. g3 Ra5 15. Bh3 Nc5 16. Nf3 Nb3 17. Rd1 b6 18. Nd2 Nxd2 19. Bg2 Rb8 20. Kxd2 Ba6
21. Bf3 c5 22. Ke3 c4 23. Rd4 Rb5 24. Rhd1 Rd5 25. Bxd5
1-0

[Event "died "]
[Site "SchemingMind.com"]
[Date "2024.06.11"]
[Round "-"]
[White "dpickin"]
[Black "eliecercruzr"]
[Result "0-1"]
[WhiteCountry "ENG"]
[BlackCountry "CUB"]
[WhiteElo "1671"]
[WhiteRD "62"]
[BlackElo "2414"]
[BlackRD "59"]
[GameID "745244"]

1. d4 c6 2. c4 d5 3. e3 Bf5 4. Nc3 Nd7 5. Bd3 Bxd3 6. Qxd3 e6 7. Nf3 Ngf6 8. O-O Be7 9. Bd2 O-O 10. h3 dxc4
11. Qxc4 c5 12. dxc5 Nxc5 13. b4 Nd3 14. Rab1 Rc8 15. Qb5 Qd7 16. Qa5 b6 17. Qa3 Nxb4 18. Rxb4 a5 19. Rd4 Bxa3 20. Rxd7 Nxd7
21. Nb5 Be7 22. Na7 Rc2 23. Ra1 Bf6
0-1

[Event "died "]
[Site "SchemingMind.com"]
[Date "2024.06.11"]
[Round "-"]
[White "eliecercruzr"]
[Black "dpickin"]
[Result "1-0"]
[WhiteCountry "CUB"]
[BlackCountry "ENG"]
[WhiteElo "2414"]
[WhiteRD "59"]
[BlackElo "1671"]
[BlackRD "62"]
[GameID "745245"]

1. e4 e5 2. Nf3 d6 3. d4 Nf6 4. Nc3 Be7 5. dxe5 dxe5 6. Qxd8+ Bxd8 7. Nxe5 Nbd7 8. Nc4 Nc5 9. f3 a6 10. Be3 Be7
11. O-O-O Be6 12. Na5 Rb8 13. a3 O-O 14. e5 Nfd7 15. b4 Nxe5 16. Bxc5 Bxc5 17. bxc5 b6 18. Re1 Ng6 19. Nc6 Ra8 20. Nd4 bxc5
21. Nxe6 fxe6 22. Rxe6 Nf4 23. Rc6
1-0

[Event "died "]
[Site "SchemingMind.com"]
[Date "2024.06.11"]
[Round "-"]
[White "dpickin"]
[Black "Chesswitchery"]
[Result "1-0"]
[WhiteCountry "ENG"]
[BlackCountry "USA"]
[WhiteElo "1662"]
[WhiteRD "64"]
[BlackElo "1643"]
[BlackRD "59"]
[GameID "745246"]

1. d4 d5 2. c4 e6 3. Nf3 c5 4. e3 Nc6 5. Be2 Nf6 6. O-O cxd4 7. exd4 Be7 8. Nc3 O-O 9. Bg5 b6 10. a3 h6
11. Bf4 a6 12. b4 Bd6 13. Ne5 Ne7 14. c5 bxc5 15. bxc5 Bc7 16. h3 Rb8 17. Qa4 Bb7 18. c6 Bc8 19. Rab1 Rxb1 20. Rxb1 Ng6
21. Nxg6 fxg6 22. Bxc7 Qxc7 23. Bxa6 Bxa6 24. Qxa6 Rc8 25. Rb6 Ne8 26. Nb5 Qd8 27. Rb7 Nc7 28. Nxc7 Rxc7 29. g3 Qc8 30. Qa7 Rxc6
31. Rxg7+ Kf8 32. Qe7#
1-0

[Event "died "]
[Site "SchemingMind.com"]
[Date "2024.06.11"]
[Round "-"]
[White "Chesswitchery"]
[Black "dpickin"]
[Result "0-1"]
[WhiteCountry "USA"]
[BlackCountry "ENG"]
[WhiteElo "1643"]
[WhiteRD "59"]
[BlackElo "1662"]
[BlackRD "64"]
[GameID "745247"]

1. d4 Nf6 2. c4 e6 3. Nf3 Be7 4. e3 O-O 5. Nc3 Nc6 6. Bd3 b6 7. a3 d5 8. cxd5 exd5 9. h3 Bb7 10. O-O a6
11. Bd2 b5 12. e4 dxe4 13. Nxe4 Nxd4 14. Bc3 Bxe4 15. Bxe4 Nxe4 16. Qxd4 Qxd4 17. Bxd4 Nf6 18. Rfe1 Rfe8 19. Rac1 Rac8 20. Bc5 Bxc5
21. Rxe8+ Rxe8 22. Rxc5 Rc8 23. Ne5 h6 24. f3 Kf8 25. g4 Ke7 26. b4 Nd7 27. Nc6+ Kd6 28. Na7 Nxc5 29. Nxc8+ Kd7 30. bxc5 Kxc8
31. f4 Kd7 32. h4 Ke6 33. Kf2 Kd5 34. Kf3 Kxc5 35. Ke4 Kc4 36. Kf5 c5 37. Ke5 b4 38. axb4 cxb4 39. f5 b3 40. Kd6 b2
41. Ke7 b1=Q 42. Kxf7 Qb6 43. Kxg7 Kd5 44. f6 Qc7+ 45. Kg6 Ke6 46. g5 Qf7+ 47. Kxh6 Kf5 48. h5 Qg8
0-1

[Event "died "]
[Site "SchemingMind.com"]
[Date "2024.06.06"]
[Round "-"]
[White "JAHI"]
[Black "eliecercruzr"]
[Result "*"]
[WhiteCountry "INT"]
[BlackCountry "CUB"]
[WhiteElo "2199"]
[WhiteRD "87"]
[BlackElo "2435"]
[BlackRD "59"]
[GameID "745248"]

1. c3 d5 2. g3 e5 3. Bh3 Bxh3 4. Nxh3 Qd7 5. Ng5 e4 6. Qb3 Nc6 7. c4 Nd4 8. Qxb7 Rd8 9. Qxd5 Nc2+ 10. Kd1 Qxd5
11. cxd5 Nxa1 12. Nxe4 f5 13. Nec3 Nf6 14. d3 Bb4 15. Bg5 O-O 16. Kc1 h6 17. Bxf6 Rxf6 18. Nd1 c6 19. d6 f4 20. Nbc3 f3
21. Ne4 Rf7 22. e3 Bxd6 23. Kb1 Bb4 24. a3 Ba5 25. Kxa1 Rxd3 26. Kb1 Rfd7 27. Kc2 c5 28. Ndc3 c4 29. h3 Kf7 30. g4 Rd8
31. Rb1 Kg6 32. h4 h5 33. gxh5+ Kf5 34. Rf1 Bxc3 35. Nxc3 Rd2+ 36. Kc1 R8d3 37. a4 a6 38. a5 Ke5 39. Nd1 Re2 40. Rg1 Rd8
41. e4 Red2 42. Re1 R8d7 43. Rg1 Kxe4 44. Re1+ Kf5 45. Rg1 Kf4 46. Rf1 R2d5 47. Ne3 Rxa5 48. Kc2 Re5 49. Nxc4 Re2+ 50. Kc3 Rc7
51. Kd3 Rb7 52. Kc3 a5 53. b3 Rc7 54. Kd3 Rd7+ 55. Kc3 Ra2 56. b4 axb4+ 57. Kxb4 Rc7 58. Kb3 Re2 59. h6 gxh6 60. h5 Rc6
61. Na3 Rd2 62. Nb5 Rd8 63. Kb4 Rb8 64. Ra1 Rc2 65. Ra4 Kg5 66. Ra6 Kxh5 67. Ra1 Kg4 68. Rg1+ Kh3 69. Rg3+ Kh2 70. Rxf3 h5
71. Rf4 Kh3 72. Rf3+ Kg2 73. Rf7 h4
*

[Event "died "]
[Site "SchemingMind.com"]
[Date "2024.06.07"]
[Round "-"]
[White "eliecercruzr"]
[Black "JAHI"]
[Result "*"]
[WhiteCountry "CUB"]
[BlackCountry "INT"]
[WhiteElo "2435"]
[WhiteRD "59"]
[BlackElo "2199"]
[BlackRD "87"]
[GameID "745249"]

1. e4 d6 2. d4 g6 3. c4 Bg7 4. Nc3 Kf8 5. Be3 a6 6. Be2 a5 7. f4 Nf6 8. h3 Kg8 9. e5 Ne8 10. Nf3 f6
11. O-O f5 12. Qc2 e6 13. Rad1 h6 14. d5 Kh7 15. h4 Rf8 16. h5 gxh5 17. Bd3 Na6 18. a3 Qe7 19. Nd4 Kh8 20. dxe6 Bxe6
21. Nxf5 Bxf5 22. Bxf5 Nf6 23. Bd4 Ng4 24. Bxg4 hxg4 25. exd6 cxd6 26. Qf2 Bxd4 27. Rxd4 Qg7 28. Qd2 Rad8 29. Ne4 b6 30. f5 Nc5
31. f6 Qg6 32. Nxc5 bxc5 33. Rxd6 Rxd6 34. Qxd6 Rf7 35. Qxc5 Qe4 36. Kh2 a4 37. Qd6 Qxc4 38. Rf4 g3+ 39. Kh3 Qc8+ 40. Kxg3 Qg8+
41. Rg4 Qf8 42. Qxf8+ Rxf8 43. Rxa4 Rxf6 44. b4 Rb6 45. Ra5 Rd6 46. a4 Kg7 47. Rb5 Rd3+ 48. Kh4 Rd4+ 49. g4 Rd1 50. a5 Rh1+
51. Kg3 Rg1+ 52. Kf4 Rf1+ 53. Ke5 Re1+ 54. Kd5 Ra1 55. Rb7+ Kf6 56. Rb6+ Kg5 57. a6 Kf4 58. Rg6 Ke3 59. Rxh6 Kf4 60. Rg6 Ke3
61. b5 Kf2 62. Rg7 Ke3 63. a7 Ra4 64. b6 Ra5+ 65. Kc6 Ra2 66. Re7+ Kf3 67. g5 Kf4 68. b7 Kg4 69. a8=Q Rc2+ 70. Kd5 Rd2+
71. Kc4 Rc2+ 72. Kb3 Rf2 73. b8=Q
*

[Event "died "]
[Site "SchemingMind.com"]
[Date "2024.06.07"]
[Round "-"]
[White "JAHI"]
[Black "Chesswitchery"]
[Result "1-0"]
[WhiteCountry "INT"]
[BlackCountry "USA"]
[WhiteElo "2190"]
[WhiteRD "77"]
[BlackElo "1640"]
[BlackRD "57"]
[GameID "745250"]

1. c3 d5 2. g3 Nf6 3. Bh3 e6 4. d3 c5 5. Kf1 Nc6 6. Na3 a6 7. Nc2 Be7 8. Bg5 h6 9. Bxf6 Bxf6 10. Nf3 O-O
11. Kg2 Ne5 12. Nxe5 Bxe5 13. d4 cxd4 14. Nxd4 Bd7 15. Re1 Qc7 16. Kg1 Bxd4 17. Qxd4 e5 18. Qh4 Bxh3 19. Qxh3 Rad8 20. Rad1 Rfe8
21. e3 e4 22. Rd4 Qe5 23. Red1 Qe6 24. Qxe6 fxe6 25. c4 b5 26. cxd5 exd5 27. Rxd5 Rxd5 28. Rxd5 Re6 29. b3 Kf7 30. Kg2 Kf6
31. g4 g5 32. Kg3 Re5 33. Rxe5 Kxe5 34. b4 Kd5 35. f3 Kc4 36. f4 gxf4+ 37. Kxf4 Kxb4 38. h3 Ka3 39. h4 b4 40. g5 Kxa2
41. g6 b3 42. g7 Kb1 43. g8=Q b2 44. Qb3 Kc1 45. Qc3+ Kb1 46. Kxe4 a5 47. Qc6 Ka1 48. Qa4+ Kb1 49. Kd3 Kc1 50. Qc2#
1-0

[Event "died "]
[Site "SchemingMind.com"]
[Date "2024.06.06"]
[Round "-"]
[White "Chesswitchery"]
[Black "JAHI"]
[Result "0-1"]
[WhiteCountry "USA"]
[BlackCountry "INT"]
[WhiteElo "1643"]
[WhiteRD "59"]
[BlackElo "2163"]
[BlackRD "75"]
[GameID "745251"]

1. d4 d6 2. c4 g6 3. Nf3 Bg7 4. e3 Kf8 5. Nc3 Bg4 6. Be2 Nd7 7. O-O e6 8. Bd2 h6 9. h3 h5 10. Rc1 Nh6
11. d5 e5 12. e4 Bxf3 13. Bxf3 f6 14. Re1 Nf7 15. b4 Bh6 16. Ne2 Kg8 17. Bxh6 Rxh6 18. Ng3 a6 19. Nxh5 gxh5 20. Bxh5 f5
21. Bxf7+ Kxf7 22. Qf3 f4 23. g4 Nf8 24. Kg2 Nh7
0-1

[Event "died "]
[Site "SchemingMind.com"]
[Date "2024.06.07"]
[Round "-"]
[White "eliecercruzr"]
[Black "Chesswitchery"]
[Result "1-0"]
[WhiteCountry "CUB"]
[BlackCountry "USA"]
[WhiteElo "2429"]
[WhiteRD "66"]
[BlackElo "1643"]
[BlackRD "59"]
[GameID "745252"]

1. e4 d5 2. exd5 Nf6 3. Nf3 Nxd5 4. d4 c5 5. dxc5 Qa5+ 6. Bd2 Qxc5 7. c4 Nf6 8. Nc3 Bg4 9. Be3 Qa5 10. Qb3 Bxf3
11. gxf3 b6 12. c5 Nbd7 13. c6 Ne5 14. c7 Nxf3+ 15. Kd1 e6 16. Bb5+ Nd7 17. Qc4 Rc8 18. Qc6 Ne5 19. Qb7 Rxc7 20. Qxc7 Be7
21. Qxe5 O-O 22. Qc7
1-0

[Event "died "]
[Site "SchemingMind.com"]
[Date "2024.06.06"]
[Round "-"]
[White "Chesswitchery"]
[Black "eliecercruzr"]
[Result "0-1"]
[WhiteCountry "USA"]
[BlackCountry "CUB"]
[WhiteElo "1643"]
[WhiteRD "59"]
[BlackElo "2429"]
[BlackRD "66"]
[GameID "745253"]

1. d4 d5 2. c4 e6 3. e3 Nf6 4. Bd2 Be7 5. Nf3 O-O 6. cxd5 exd5 7. Bd3 Re8 8. O-O Bg4 9. Nc3 Nbd7 10. e4 dxe4
11. Nxe4 Nxe4 12. Bxe4 c6 13. Bxh7+ Kxh7 14. Qc2+ Kg8 15. Qe4 Nf6 16. Qf4 Bxf3 17. gxf3 Qd5 18. Bc3 Bd6 19. Qd2 Qh5 20. f4 Qg4+
21. Kh1 Qf3+ 22. Kg1 Nd5 23. Rfe1 Nxf4 24. Rxe8+ Rxe8
0-1